00725cam a2200241 a 4500001000800000005001700008008004100025010001700066020002500083040001800108041000800126080001000134082001800144100000700162101000800169245005300177504003000230740003600260906004500296942001200341999001700353952011300370243811020180302080743.0880927s1989 ohu b 001 0 eng  a 88027941  a0898793467 :c$16.95 aDLCcDLCdDLC aeng a808.300a808.3 HAL2191 a21 aGJL14aThe art & craft of novel writing /cOakley Hall. aBibliography: p. 202-206.0 aArt and craft of novel writing. a7bcbccorignewd1eocipf19gy-gencatlg 2ddccBK c44058d44058 00102udc40708PËKGa002b002cPËKGd2018-03-02l0o808.3 HALp002-3000659r2018-03-02w2018-03-02yBK